Las manos en la masa /
Guardado en:
| Autor Principal: | |
|---|---|
| Otros Autores: | |
| Formato: | Libro |
| Publicado: |
Buenos Aires :
Edebé,
2013
|
| Series: | Flecos de sol
|
| Materias: | |
| Etiquetas: |
Agregar Etiqueta
Sin Etiquetas, Sea el primero en etiquetar este registro!
|
| LEADER | 00831nam a22002535a 4500 | ||
|---|---|---|---|
| 001 | CEM.cems015325 | ||
| 005 | 20191115153531.0 | ||
| 008 | 130507s2013##################000#0#####d | ||
| 003 | CEMS | ||
| 020 | |a 9789876890250 | ||
| 082 | 0 | 4 | |a A868.4 |
| 100 | 1 | |a Mó, María Rosa | |
| 245 | 1 | 0 | |a Las manos en la masa / |c María Rosa Mó ; ilustrado Por María Jesús álvarez |
| 260 | |a Buenos Aires : |b Edebé, |c 2013 | ||
| 300 | |a 32 p. | ||
| 490 | 0 | |a Flecos de sol | |
| 653 | |a Literatura | ||
| 653 | |a Literatura argentina | ||
| 653 | |a Literatura infantil | ||
| 653 | |a Cuentos infantiles | ||
| 653 | |a Colección ciencias de la educación | ||
| 700 | 1 | |a Álvarez, María Jesús | |
| 859 | |a CEMS |b BIB. CEMS - Ccias. Educacion |h A868.4 |i M71-3 |k CE |p 28601.19 |t Ej.1 | ||
| 859 | |a CEMS |b BIB. CEMS - Ccias. Educacion |h A868.4 |i M71-3 |k CE |p 28602.19 |t Ej.2 | ||
